00335nam a2200121 a 450000500170000000800410001702000150005805000300007310000150010324500360011826000370015430000220019120140310183321.0060308s19uu xx 00 eng d a0553295071 aPS 3523.E7993b.L665 1992 aLevin, Ira aSliver :ba novel /cIra Levin. aNew York :bBantam Books,c1992. a261 p. :c17 cm.